000 00678nam a2200205 ar4500
001 2709
005 20221127090544.0
008 0906104 xxka 00010|eng d
020 _a9780194573269(workbook) :
_cSR23.00
020 _a9780194573252(student bk) :
_cSR42.00
082 0 4 _a428.2402465
_bB256 2000
100 1 _aBarnard, Roger.
245 1 0 _aBusiness venture.
_n2 /
_cRoger Barner, Jeff cady.
250 _aNew ed.
260 _aLondon ;
_aNew York :
_bOxford University Press,
_c2000.
300 _av. :
_bill. ;
_c27cm.
650 4 _aEnglish language
_xBusiness English.
650 4 _aEnglish language
_vTextbooks for foreign speakers.
700 0 _aJeff Cady,
_ejt. auth.
999 _c2707
_d2707